Análisis del discurso parlamentario costarricense

Gespeichert in:
Bibliographische Detailangaben
1. Verfasser: Espinoza Retana, Elba
Format: Unbekannt
Sprache:Spanish
Veröffentlicht: Costa Rica Universidad de Costa Rica 2013
Schlagworte:
Tags: Tag hinzufügen
Keine Tags, Fügen Sie den ersten Tag hinzu!

MARC

LEADER 00000 a2200000 4500
008 190624b ||||| |||| 00| 0 spa d
999 |c 30730  |d 30730 
040 |a cru BVZT  
090 |a TESIS 940 
100 |a Espinoza Retana, Elba 
245 |a Análisis del discurso parlamentario costarricense  |c Elba Espinoza Retana 
260 |a Costa Rica  |b Universidad de Costa Rica  |c 2013 
300 |a 198 páginas 
500 |a Contiene Anexos 
650 0 |9 237  |a TRABAJO FINAL DE GRADUACIÓN 
650 0 |9 55  |a LINGÜÍSTICA  
653 |a MAESTRÍA ACADÉMICA EN LINGÜÍSTICA  
653 |a DISCURSO PARLAMENTARIO 
942 |c SALA  |h TESIS 940  |2 z